Vývoj slovenskej sociálnej sféry

Vývoj slovenskej sociálnej sféry od roku 1995. Základné normy a princípy upravujúce sociálnu sféru. Vývoj výdavkov na štátne sociálne dávky 1993-1998. Dávky sociálnej pomoci. Úprava podmienok na posúdenie občana v hmotnej núdzi. Úprava výšky peňažných príspevkov na zaobstaranie kompenzačných pomôcok...

Descripción completa

Guardado en:
Detalles Bibliográficos
Autor principal: Magvaši, Peter
Formato: Capítulo de libro
Lenguaje:eslovaco
Materias:
Etiquetas: Agregar Etiqueta
Sin Etiquetas, Sea el primero en etiquetar este registro!

MARC

LEADER 00000naa a2200000 4500
001 r035950
005 20230825101816.0
041 0 |a slo 
044 |a SK 
245 1 0 |a Vývoj slovenskej sociálnej sféry  |c Peter Magvaši 
520 |a Vývoj slovenskej sociálnej sféry od roku 1995. Základné normy a princípy upravujúce sociálnu sféru. Vývoj výdavkov na štátne sociálne dávky 1993-1998. Dávky sociálnej pomoci. Úprava podmienok na posúdenie občana v hmotnej núdzi. Úprava výšky peňažných príspevkov na zaobstaranie kompenzačných pomôcok. Vývoj výdavkov na sociálnu starostlivosť od r. 1993-1998. 
610 2 0 |a politika sociálna 
610 2 0 |a Slovensko 
610 2 0 |a 1993-1998 
610 2 0 |a výdavky verejné 
610 2 0 |a zabezpečenie sociálne 
610 2 0 |a normy právne 
610 2 0 |a výdavky na potreby sociálne 
610 2 0 |a dávky sociálne 
610 2 0 |a pomoc sociálna 
610 2 0 |a služby sociálne 
610 2 0 |a fondy účelové 
610 2 0 |a odvody 
610 2 0 |a politika zamestnanosti 
610 2 0 |a podpory v nezamestnanosti 
100 1 |a Magvaši, Peter